Galáxias /
Gespeichert in:
| 1. Verfasser: | |
|---|---|
| Format: | Buch |
| Sprache: | Portuguese |
| Veröffentlicht: |
São Paulo, S.P. :
Editora Ex Libris,
c1984.
|
| Tags: |
Tag hinzufügen
Keine Tags, Fügen Sie den ersten Tag hinzu!
|
MARC
| LEADER | 00000mam a2200000 a 4500 | ||
|---|---|---|---|
| 001 | 357889 | ||
| 005 | 20150605144837.0 | ||
| 008 | 860212s1984 bl 000 0 por | ||
| 040 | |a DLC |c DLC |d CRU CIICLA | ||
| 041 | |a por | ||
| 082 | |b C198g |a Br869.8 | ||
| 100 | 1 | |a Campos, Haroldo de | |
| 245 | 1 | 0 | |a Galáxias / |c Haroldo de Campos. |
| 260 | |a São Paulo, S.P. : |b Editora Ex Libris, |c c1984. | ||
| 300 | |a [55] hojas | ||
| 942 | |2 ddc |c REF | ||
| 999 | |c 4271 |d 4271 | ||
